000 00659nam a2200253Ia 4500
005 20260121155140.0
008 008 260114s9999 xx 000 0 eng d
020 _a9780429264696
037 _aEBOOK
040 _aCRL
040 _beng
040 _cCRL
041 _2eng
041 _aeng
084 _qCRL
100 _a Patrick Howard; Tone Saevi; Andrew Foran; Gert Biesta
_91015968
245 0 _aPhenomenology and Educational Theory in Conversation
260 _bTaylor and Francis
260 _c2020
856 _uhttp://www.taylorfrancis.com/books/9780429264696
942 _cEBOOK
999 _c1582787
_d1582787